000 00601nam a2200169 4500
008 161116b xxu||||| |||| 00| 0 eng d
022 _a01153544
082 _aDPer 338.05 En86 Apr-Jul 2015 V. 15 n. 158-161
100 _917451
_aMagno, Gabriel A.
245 _aSelling on the small screen:
_btake advantage of the digital gold rush with mobile ads/
_cGabriel A. Magno.
260 _aPhilippines:
_bSummit Media,
_cApr-Jul 2015.
300 _av15 n158, pages 42-43:
_billustrations,
_c28 cm.
500 _aEntrepreneur.
650 0 _917453
_aSelling
_xAdvertising
942 _2ddc
_cPER
999 _c5689
_d5689